| 000 -LEADER |
| fixed length control field |
00906nam a2200289 a 4500 |
| 001 - CONTROL NUMBER |
| control field |
012186078 |
| 003 - CONTROL NUMBER IDENTIFIER |
| control field |
UkOxU |
| 005 - DATE AND TIME OF LATEST TRANSACTION |
| control field |
20230913145634.0 |
| 008 - FIXED-LENGTH DATA ELEMENTS--GENERAL INFORMATION |
| fixed length control field |
960815s1996 enk 000 0 eng d |
| 015 ## - NATIONAL BIBLIOGRAPHY NUMBER |
| National bibliography number |
GB 96-X2361 |
| 020 ## - INTERNATIONAL STANDARD BOOK NUMBER |
| International Standard Book Number |
0413710904 |
| 020 ## - INTERNATIONAL STANDARD BOOK NUMBER |
| International Standard Book Number |
9780413710901 |
| 035 ## - SYSTEM CONTROL NUMBER |
| System control number |
BNB issue 2405 |
| 035 ## - SYSTEM CONTROL NUMBER |
| System control number |
(OCoLC)35665274 |
| 040 ## - CATALOGING SOURCE |
| Original cataloging agency |
BDS |
| Transcribing agency |
KH8 |
| 082 ## - DEWEY DECIMAL CLASSIFICATION NUMBER |
| Classification number |
822.914 DOW |
| Edition number |
20 |
| 092 ## - LOCALLY ASSIGNED DEWEY CALL NUMBER (OCLC) |
| Classification number |
D0504453156 |
| 100 1# - MAIN ENTRY--PERSONAL NAME |
| Personal name |
Dowie, Claire, |
| Relator term |
author. |
| 245 10 - TITLE STATEMENT |
| Title |
Why is John Lennon wearing a skirt? : |
| Remainder of title |
and other stand-up theatre plays / |
| Statement of responsibility, etc. |
Claire Dowie. |
| 260 ## - PUBLICATION, DISTRIBUTION, ETC. |
| Place of publication, distribution, etc. |
London : |
| Name of publisher, distributor, etc. |
Methuen, |
| Date of publication, distribution, etc. |
1996. |
| 300 ## - PHYSICAL DESCRIPTION |
| Extent |
156 p. ; |
| Dimensions |
20 cm. |
| 490 1# - SERIES STATEMENT |
| Series statement |
Methuen modern plays |
| 505 0# - FORMATTED CONTENTS NOTE |
| Formatted contents note |
Adult child/dead child--Why is John Lennon wearing a skirt?--Drag act--Leaking from every orifice--Death and dancing. |
| 650 #0 - SUBJECT ADDED ENTRY--TOPICAL TERM |
| Topical term or geographic name entry element |
English drama |
| Chronological subdivision |
20th century. |
| 830 #0 - SERIES ADDED ENTRY--UNIFORM TITLE |
| Uniform title |
Methuen modern plays. |
| 942 ## - ADDED ENTRY ELEMENTS (KOHA) |
| Source of classification or shelving scheme |
|
| Koha item type |
Teaching Resources |